Library Logo

Pioneer International University Library Catalogue

Guide to networking essentials / (Record no. 5117)

MARC details
000 -LEADER
fixed length control field 00600cam a22001937i 4500
005 - DATE AND TIME OF LATEST TRANSACTION
control field 20250901165519.0
008 - FIXED-LENGTH DATA ELEMENTS--GENERAL INFORMATION
fixed length control field 150819s2016 at a 001 0 eng d
010 ## - LIBRARY OF CONGRESS CONTROL NUMBER
LC control number 2015949720
020 ## - INTERNATIONAL STANDARD BOOK NUMBER
International Standard Book Number 1305105435
Qualifying information paperback
020 ## - INTERNATIONAL STANDARD BOOK NUMBER
International Standard Book Number 9781305105430
Qualifying information paperback
050 00 - LIBRARY OF CONGRESS CALL NUMBER
Classification number TK5105.5 .T64 2016
Item number .T64 2016
082 04 - DEWEY DECIMAL CLASSIFICATION NUMBER
Classification number 004.6
Edition information 23
100 1# - MAIN ENTRY--PERSONAL NAME
Personal name Tomsho, Greg,
Relator term author.
245 10 - TITLE STATEMENT
Title Guide to networking essentials /
Statement of responsibility, etc. Greg Tomsho.
250 ## - EDITION STATEMENT
Edition statement Seventh edition.
300 ## - PHYSICAL DESCRIPTION
Extent xxii, 665 pages :
Other physical details illustrations ;
Dimensions 23 cm
500 ## - GENERAL NOTE
General note Includes index.
942 ## - ADDED ENTRY ELEMENTS (KOHA)
Source of classification or shelving scheme Library of Congress Classification
Classification part TK5105.5 .T64 2016
Holdings
Withdrawn status Lost status Source of classification or shelving scheme Damaged status Not for loan Home library Current library Shelving location Date acquired Total checkouts Total renewals Full call number Barcode Date last seen Date last checked out Price effective from Koha item type
    Library of Congress Classification     Main Library Main Library   05/22/2021 2 1 TK5105.5 .T64 2016 PIU0170334 11/30/2023 11/30/2023 05/22/2021 Books